Catálogo
 En Linea

Dátiles de tierra y sal: (Registro nro. 60960)

Detalles MARC
000 -CABECERA
campo de control de longitud fija 00944nam a2200277 i 4500
003 - IDENTIFICADOR DEL NÚMERO DE CONTROL
campo de control DO-SdBNP
005 - FECHA Y HORA DE LA ÚLTIMA TRANSACCIÓN
campo de control 20260626154703.0
007 - CAMPO FIJO DE DESCRIPCIÓN FÍSICA--INFORMACIÓN GENERAL
campo de control de longitud fija ta
008 - DATOS DE LONGITUD FIJA--INFORMACIÓN GENERAL
campo de control de longitud fija 260626b2022 rd a|||er|||| 00| 0 spa d
020 ## - NÚMERO INTERNACIONAL ESTÁNDAR DEL LIBRO
Número Internacional Estándar del Libro 9789945181166
040 ## - FUENTE DE LA CATALOGACIÓN
Centro catalogador/agencia de origen DO-SdBNP
Lengua de catalogación spa
Centro/agencia transcriptor BNPHU
Normas de descripción rda
041 ## - CÓDIGO DE LENGUA
Código de lengua del texto/banda sonora o título independiente spa
082 ## - NÚMERO DE LA CLASIFICACIÓN DECIMAL DEWEY
Número de clasificación xxx
Número de documento/Ítem Su939d
Número de edición 22
100 ## - ENTRADA PRINCIPAL--NOMBRE DE PERSONA
Nombre de persona Suazo, Angela
Término indicativo de función/relación autor,
Código de función/relación aut.
9 (RLIN) 80651
245 ## - MENCIÓN DE TÍTULO
Título Dátiles de tierra y sal:
Resto del título La orilla donde está sembrada mi alma/
Mención de responsabilidad, etc. Angela Suazo, Maria Carla Picón, edición
264 ## - PRODUCCIÓN, PUBLICACIÓN, DISTRIBUCIÓN, FABRICACIÓN Y COPYRIGHT
Producción, publicación, distribución, fabricación y copyright Santo Domingo, Republica Dominicana;
Nombre del de productor, editor, distribuidor, fabricante Editora Búho,
Fecha de producción, publicación, distribución, fabricación o copyright ©2022
300 ## - DESCRIPCIÓN FÍSICA
Extensión 98 páginas;
Otras características físicas Ilustraciones,
Dimensiones 21 cm.
336 ## - TIPO DE CONTENIDO
Término de tipo de contenido texto
Código de tipo de contenido txt
Fuente rdacontent
337 ## - TIPO DE MEDIO
Nombre/término del tipo de medio sin mediación
Código del tipo de medio n
Fuente rdamedia
338 ## - TIPO DE SOPORTE
Nombre/término del tipo de soporte volumen
Código del tipo de soporte nc
Fuente rdacarrier
590 ## - NOTA LOCAL (RLIN)
Nota local Inventariado 2026/A.G.
700 ## - PUNTO DE ACCESO ADICIONAL--NOMBRE DE PERSONA
Nombre de persona Carla Picon, Maria
Término indicativo de función/relación edición
Código de función/relación edi.
9 (RLIN) 90403
700 ## - PUNTO DE ACCESO ADICIONAL--NOMBRE DE PERSONA
Nombre de persona Rodriguez Botier, Hermis
Término indicativo de función/relación Diagramación
9 (RLIN) 84160
910 ## - DATOS DE OPCIÓN DEL USUARIO (OCLC)
Datos de opción del usuario A. González
942 ## - ELEMENTOS DE PUNTO DE ACCESO ADICIONAL (KOHA)
Fuente del sistema de clasificación o colocación Dewey Decimal Classification
Tipo de ítem Koha Libro
Existencias
Estado de retiro Estado de pérdida Fuente del sistema de clasificación o colocación Restricciones de uso No para préstamo Código de colección Localización permanente Ubicación/localización actual Ubicación en estantería Fecha de adquisición Fuente de adquisición Total de préstamos Signatura topográfica completa Código de barras Fecha visto por última vez Precio válido a partir de Tipo de ítem Koha
    Dewey Decimal Classification Excluido de préstamo   Patrimonio Dominicano Biblioteca Nacional Pedro Henríquez Ureña Biblioteca Nacional Pedro Henríquez Ureña En catalogación 16.01.2026 Donado por Sonia Beltre   BNPHU PD xxx Su939d 2026-5588 26.06.2026 26.06.2026 Libro

Con tecnología Koha